LIBRARY & INFORMATION CENTRE, KCAET, TAVANUR

ONLINE PUBLIC ACCESS CATALOGUE (OPAC)

Performance evaluation of sprinkler heads (Record no. 15334)

MARC details
000 -LEADER
fixed length control field 00404nam a22001457a 4500
082 ## - DEWEY DECIMAL CLASSIFICATION NUMBER
Classification number 631.7
Item number SEL/PE
100 ## - MAIN ENTRY--AUTHOR NAME
Personal name SELVAN, P
245 ## - TITLE STATEMENT
Title Performance evaluation of sprinkler heads
260 ## - PUBLICATION, DISTRIBUTION, ETC. (IMPRINT)
Place of publication Tavanur
Name of publisher Kelappaji College of Agricultural Engineering and Technology
Year of publication 1990
300 ## - PHYSICAL DESCRIPTION
Number of Pages 88
500 ## - GENERAL NOTE
General note project report
520 ## - SUMMARY, ETC.
Summary, etc project report
650 ## - SUBJECT ADDED ENTRY--TOPICAL TERM
Topical Term project report
942 ## - ADDED ENTRY ELEMENTS (KOHA)
Koha item type Project Report
Holdings
Withdrawn status Lost status Damaged status Home library Current library Date acquired Full call number Accession Number Koha item type
      KAUAET KAUAET 03/03/2018 631.7 SEL/PE 16882 Project Report
free website counter